| 000 | 01164nam a2200229Ia 4500 | ||
|---|---|---|---|
| 001 | 11543 | ||
| 003 | GE_BSU | ||
| 008 | 181216s||||||||xx |||||||||||||| ||und|| | ||
| 040 | _cGE_BSU | ||
| 080 | _a63:54(075.8)+631.8(075.8) | ||
| 245 | _aაგროქიმია. ნაწ.1. | ||
| 245 | _bსახელმძღვ.სას.სამ.უმაღლ.სასწავლებლების აგრონომიული ფაკ–ტების სტუდენტებისათვის. | ||
| 245 | _cპ.სმირნოვისა და ა.პეტერბურგსკის რედ.თარგმანი; მთარგმ:ა.მენაღარიშვილი;გ.აბესაძე; ი.ნაკაიძე; რედ:ლ.მესხი. | ||
| 250 | _aგადამუშ და შევსებ.მე–3 რუსული გამოცემიდან. | ||
| 260 | _aთბილისი. | ||
| 260 | _bგანათლება. | ||
| 260 | _c1979. | ||
| 300 | _a418გვ;22სმ. | ||
| 300 | _eცხრ. | ||
| 653 | _aაგროქიმია. ნაწ.1. | ||
| 942 | _cBK | ||
| 999 |
_c44738 _d44738 |
||